02282nam#a2200241 45000010014000000030004000140050017000180060019000350070015000540080041000690200018001100400018001281000039001462450042001852500018002272600013002452640048002583000022003063360026003283370026003545201609003808560051019899781456211509VST20250425090629.0m o d cr#un#---uucau130513s2013 MEX eng d a9781456211509 aVSTcVSTdVST1 aZbigniew Kozikowski Zarskaeauthor10aFinanzas internacionales, 3rd Edition athird edition aMexico : 1aMexico :bMcGraw-Hill Interamericana,c2013 a1 online resource atextbtxt2rdacontent acomputerbc2rdamedia aAlentado por una buena recepción de las dos primeras ediciones, presento la tercera versión de Finanzas internacionales, revisada y ampliada. Desde la última edición, el proceso de globalización sigue adelante y México se integra cada vez más a la economía mundial. En unos cuantos años la participación del comerció exterior en el PIB puede rebasar 60%. Por ello, el conocimiento de las finanzas internacionales es indispensable para un ejecutivo moderno y la demanda para este tipo de conocimiento crece. Como consecuencia de una parálisis política interna y acontecimientos externos desfavorables, la última década no fue buena para México. La entrada de China en la Organización Mundial de Comercio (OMC) y las reformas modernizadoras en varios países asiáticos redujeron la competitividad relativa de la economía y contribuyeron a la reducción de participación mexicana en las importaciones de Estados Unidos. En 2008, la peor crisis financiera y económica mundial desde la década de 1930 redujo 6% el PIB de México y contribuyó a un bajo crecimiento económico. La falta de reformas estructurales mantuvo un constante descenso de México en los indicadores internacionales de competitividad. Afortunadamente todos esos factores parecen desvanecerse y México está en el umbral de un nuevo auge económico basado en el consenso político, una mayor competitividad y una mayor inversión en infraestructura, educación y desarrollo tecnológico. Todo parece indicar que habrá más empleos para personas con conocimientos profesionales.40uhttps://resolver.vitalsource.com/9781456211509